Rozpoznaj pomniki w Polsce po zdjęciu - Statystyki

Ogólne statystyki
  • Ten quiz został rozwiązany 32 razy
  • Średni wynik to 9 z 16
Statystyki odpowiedzi
Obrazkowy Odpowiedź % Poprawnych
Pomnik Mikołaja Kopernika w Olsztynie
95%
Pomnik Mikołaja Kopernika w Toruniu
95%
Pomnik Bolka i Lolka w Bielsko-Białej
86%
Syrenka warszawska
86%
Kolumna Zygmunta
82%
Wrocławskie krasnale
77%
Pomnik Jana Pawła II w Wadowicach
73%
Smok Wawelski w Krakowie
73%
Miś Uszatek
64%
Pomnik Chrystusa Króla w Świebodzinie
55%
Pomnik Adama Mickiewicza w Krakowie
50%
Pomnik Powstańców Śląskich w Katowicach
41%
Chrząszcz w Szczebrzeszynie
27%
Linoskoczek w Bydgoszczy
23%
Fortepian Rubinsteina
14%
Głowa na rynku w Krakowie
5%
Nie znaleziono quizów pasujących do podanych kryteriów
Rozkład punktacji
Procent ludzi z każdym wynikiem
Percentyl według liczby udzielonych odpowiedzi
Twoja historia wyników
Nie rozwiązałeś tego quizu